RICS Rules of conduct (Record no. 85458)

MARC details
000 -LEADER
fixed length control field 01028ckm a22002655a 4500
001 - CONTROL NUMBER
control field E143967
008 - FIXED-LENGTH DATA ELEMENTS--GENERAL INFORMATION
fixed length control field 080610s2008 xxk f 000 0 eng d
035 ## - SYSTEM CONTROL NUMBER
System control number (Sirsi) u143967
041 0# - LANGUAGE CODE
Language code of text/sound track or separate title eng
050 04 - LIBRARY OF CONGRESS CALL NUMBER
Classification number 333.0062 $2 18
100 1# - MAIN ENTRY--PERSONAL NAME
Personal name Lever, Jon
245 00 - TITLE STATEMENT
Title RICS Rules of conduct
Medium [videorecording]
260 ## - PUBLICATION, DISTRIBUTION, ETC.
Place of publication, distribution, etc. Bedford
Name of publisher, distributor, etc. DeLever
Date of publication, distribution, etc. 2008
300 ## - PHYSICAL DESCRIPTION
Extent 1 DVD (ca. 45 min.) +
Accompanying material 1 CD-ROM
350 ## - PRICE (NR) (BK AM CF MU VM SE) [OBSOLETE]
Price 49
505 2# - FORMATTED CONTENTS NOTE
Formatted contents note Why we have Rules of Conduct -- Rules for members -- Rules for firms -- Help sheets -- Policy documents -- APC Final Assessment
520 ## - SUMMARY, ETC.
Summary, etc. This DVD is for reference only within the Library and cannot be borrowed.
520 ## - SUMMARY, ETC.
Summary, etc. Offers guidance on the RICS Rules of Conduct, with an insight as to how knowledge of the Rules of Conduct may be tested during the APC Final Assessment.
520 ## - SUMMARY, ETC.
Summary, etc. For Reference use only
590 ## - LOCAL NOTE (RLIN)
Local note KA
651 #4 - SUBJECT ADDED ENTRY--GEOGRAPHIC NAME
Geographic name United Kingdom
Chronological subdivision
690 ## - LOCAL SUBJECT ADDED ENTRY--TOPICAL TERM (OCLC, RLIN)
Topical term or geographic name as entry element ABOUT RICS-RICS PROFESSIONAL REGULATION AND CONSUMER PROTECTION-RULES OF CONDUCT
942 ## - ADDED ENTRY ELEMENTS (KOHA)
Suppress in OPAC 0
Holdings
Withdrawn status Lost status Source of classification or shelving scheme Damaged status Not for loan Home library Current library Shelving location Date acquired Total Checkouts Full call number Barcode Date last seen Date last checked out Copy number Price effective from Koha item type
    Dewey Decimal Classification     London London Archive copy 01/08/2008 8 ARCHIVES 30075968 06/08/2019 14/04/2009 2 06/08/2019 Reference material
    Dewey Decimal Classification     London London Archive copy 18/09/2008 9 ARCHIVES 30076152 06/08/2019 09/04/2009 1 06/08/2019 Reference material